[Event "GRE-chT Online Rapid (Women) 1st"]
[Site "Tornelo INT"]
[Date "2021.02.21"]
[Round "6.5"]
[White "Kostelidou, Despoina"]
[Black "Galani, Dimitra"]
[Result "0-1"]
[WhiteElo "1416"]
[BlackElo "1492"]
[PlyCount "124"]
[EventDate "2021.02.20"]
[EventType "team-swiss (rapid)"]
[EventRounds "9"]
[EventCountry "GRE"]
[SourceTitle "EXT 2023"]
[Source "ChessBase"]
[SourceDate "2022.10.05"]
[SourceVersion "1"]
[SourceVersionDate "2022.10.05"]
[SourceQuality "1"]

1. d4 Nf6 2. Bf4 d6 3. Nf3 Nbd7 4. Nc3 c6 5. e4 Qa5 6. Qd2 e5 7. Bg3 Be7 8. Bd3 0-0 9. 0-0 Qc7 10. dxe5 dxe5 11. Rad1 Re8 12. Nh4 Bb4 13. Nf5 g6 14. Ne3 Bf8 15. Bc4 Nc5 16. f3 Bh6 17. Bf2 Be6 18. Qe2 Rad8 19. Rxd8 Rxd8 20. Bxe6 Nxe6 21. Rd1 Nf4 22. Rxd8+ Qxd8 23. Qd1 Qb6 24. Nf5 Qxb2 25. Nxh6+ Kg7 26. Bh4 Qxc3 27. Bxf6+ Kxh6 28. g3 Qe3+ 29. Kh1 Nh3 30. Qf1 Ng5 31. Kg2 Qd2+ 32. Qf2 Qxf2+ 33. Kxf2 Ne6 34. Bxe5 g5 35. Ke3 Kg6 36. c3 f6 37. Bb8 a6 38. Bd6 Kf7 39. f4 gxf4+ 40. gxf4 Nd8 41. e5 fxe5 42. fxe5 Ke6 43. Ke4 Nf7 44. a3 Nxd6+ 45. exd6 Kxd6 46. Kf5 Kc5 47. Kf6 Kc4 48. h4 Kxc3 49. h5 Kb3 50. h6 c5 51. Kg7 c4 52. Kxh7 c3 53. Kg7 c2 54. h7 c1Q 55. h8Q Qc3+ 56. Kg8 Qxh8+ 57. Kxh8 Kxa3 58. Kg7 b5 59. Kf6 b4 60. Ke5 b3 61. Kd4 b2 62. Kc3 b1Q 0-1

[Event "GRE-chT Online Rapid (Women) 1st"]
[Site "Tornelo INT"]
[Date "2021.02.20"]
[Round "3.11"]
[White "Patriki, Alexandra"]
[Black "Kostelidou, Despoina"]
[Result "0-1"]
[WhiteElo "1386"]
[BlackElo "1416"]
[PlyCount "90"]
[EventDate "2021.02.20"]
[EventType "team-swiss (rapid)"]
[EventRounds "9"]
[EventCountry "GRE"]
[SourceTitle "EXT 2023"]
[Source "ChessBase"]
[SourceDate "2022.10.05"]
[SourceVersion "1"]
[SourceVersionDate "2022.10.05"]
[SourceQuality "1"]

1. e4 d5 2. exd5 Qxd5 3. Nc3 Qd6 4. Nf3 Nf6 5. Bc4 e6 6. d3 a6 7. h3 b5 8. Bb3 Bb7 9. Qe2 Be7 10. Bd2 0-0 11. 0-0 c5 12. Rad1 Bd8 13. Qe5 Bc7 14. Qxd6 Bxd6 15. Ng5 Nc6 16. Nge4 Nxe4 17. Nxe4 Be7 18. Be3 Nd4 19. c3 Nxb3 20. axb3 Rac8 21. f3 Rfd8 22. d4 cxd4 23. Rxd4 Rxd4 24. Bxd4 Bd5 25. b4 Rc4 26. Nc5 e5 27. b3 Rxd4 28. cxd4 exd4 29. Re1 Kf8 30. Rd1 Bf6 31. Nd7+ Ke7 32. Nxf6 Kxf6 33. Rxd4 Bxb3 34. Rd6+ Ke5 35. Rxa6 Kd4 36. Rc6 Bc4 37. Kf2 Kc3 38. Rxc4+ Kxc4 39. Ke2 Kxb4 40. Kd2 Kb3 41. Kd3 b4 42. Kd2 Ka2 43. Kc1 b3 44. g3 b2+ 45. Kd2 b1Q 0-1

[Event "GRE-ch South U16"]
[Site "Athens"]
[Date "2020.09.03"]
[Round "9"]
[White "Drakonakis, Athanasios"]
[Black "Kostelidou, Despoina"]
[Result "1/2-1/2"]
[WhiteElo "1755"]
[BlackElo "1396"]
[PlyCount "96"]
[EventDate "2020.08.28"]
[EventType "swiss"]
[EventRounds "9"]
[EventCountry "GRE"]
[SourceTitle "EXT 2023"]
[Source "ChessBase"]
[SourceDate "2022.10.05"]
[SourceVersion "1"]
[SourceVersionDate "2022.10.05"]
[SourceQuality "1"]

1. d4 d5 2. c4 e6 3. Nf3 Be7 4. Bf4 Nf6 5. e3 0-0 6. Bd3 dxc4 7. Bxc4 c5 8. 0-0 Nc6 9. dxc5 Bxc5 10. Nc3 a6 11. Qe2 b5 12. Bb3 Bb7 13. Rac1 Qb6 14. Rfd1 Rfd8 15. Ng5 Ne7 16. Bc2 Bd6 17. Bxd6 Rxd6 18. Rxd6 Qxd6 19. Nce4 Nxe4 20. Bxe4 Bxe4 21. Nxe4 Qe5 22. Nc5 Rc8 23. b4 Nd5 24. a3 Nb6 25. Qd3 h6 26. h3 Qd5 27. Rd1 Qxd3 28. Rxd3 Nc4 29. Kf1 a5 30. Ke2 axb4 31. axb4 Ne5 32. Rc3 Ra8 33. Rc2 Ra3 34. Rd2 Nc6 35. Rb2 Kf8 36. f4 Ke7 37. Ne4 f5 38. Nc5 Rc3 39. Nb3 Nxb4 40. Nd4 Nd5 41. Rxb5 Rxe3+ 42. Kf2 Re4 43. Nxf5+ exf5 44. Rxd5 Rxf4+ 45. Kg3 g5 46. Ra5 Kf6 47. Ra6+ Kg7 48. Rb6 Rf1 1/2-1/2

[Event "GRE-ch U14 Girls"]
[Site "Rio Achaia"]
[Date "2018.07.05"]
[Round "4"]
[White "Kostelidou, Despoina"]
[Black "Foinikianaki, Stella"]
[Result "0-1"]
[WhiteElo "1355"]
[BlackElo "1417"]
[PlyCount "116"]
[EventDate "2018.07.03"]
[EventType "swiss"]
[EventRounds "9"]
[EventCountry "GRE"]
[SourceTitle "EXT 2019"]
[Source "ChessBase"]
[SourceDate "2018.10.10"]
[SourceVersion "1"]
[SourceVersionDate "2018.10.10"]
[SourceQuality "1"]

1. d4 d5 2. Bf4 Nf6 3. e3 c5 4. c3 Qb6 5. Qb3 Nc6 6. Nd2 c4 7. Qc2 g6 8. Be2 Bf5 9. Qc1 Bg7 10. Ngf3 0-0 11. 0-0 Rfc8 12. b3 Na5 13. bxc4 Nxc4 14. Nxc4 dxc4 15. Ne5 Qe6 16. Qb2 b6 17. Qb4 Nd5 18. Bxc4 Rxc4 19. Qxc4 Nxf4 20. exf4 Qxc4 21. Nxc4 Bd3 22. Rfe1 Bxc4 23. Rxe7 Be6 24. Rc7 Kf8 25. a4 Bf6 26. Rc6 Ke7 27. Re1 Kd7 28. d5 Bg7 29. c4 Bf5 30. Rc1 Bb2 31. Re1 Bg7 32. Re2 Bd3 33. Re1 Bc2 34. c5 bxc5 35. Rxc5 Bxa4 36. Rec1 Kd6 37. Ra5 Be8 38. Kf1 f5 39. Ke2 Bd4 40. Rb1 Rc8 41. Ra2 Bf7 42. Rd1 Bb6 43. Rad2 Rc5 44. f3 Rxd5 45. Rxd5+ Bxd5 46. g4 fxg4 47. fxg4 Kc6 48. Rb1 a5 49. Ra1 Bb3 50. Kd3 a4 51. Kc3 Ba5+ 52. Kb2 Bd8 53. g5 Kb5 54. Re1 Bc7 55. Re7 Bxf4 56. h4 Bd6 57. Rxh7 Bd5 58. Ra7 Bc5 0-1

[Event "GRE-ch U14 Girls"]
[Site "Rio Achaia"]
[Date "2018.07.04"]
[Round "2"]
[White "Kostelidou, Despoina"]
[Black "Chatziioannidi, Filippa"]
[Result "0-1"]
[WhiteElo "1355"]
[BlackElo "1592"]
[PlyCount "92"]
[EventDate "2018.07.03"]
[EventType "swiss"]
[EventRounds "9"]
[EventCountry "GRE"]
[SourceTitle "EXT 2019"]
[Source "ChessBase"]
[SourceDate "2018.10.10"]
[SourceVersion "1"]
[SourceVersionDate "2018.10.10"]
[SourceQuality "1"]

1. d4 Nf6 2. Bf4 d5 3. e3 c5 4. c3 Nc6 5. Nd2 Bf5 6. Ngf3 Qb6 7. Qb3 c4 8. Qxb6 axb6 9. Bc7 b5 10. Be2 b4 11. 0-0 e6 12. Nh4 Bg6 13. Nxg6 hxg6 14. Rfc1 Kd7 15. Bg3 bxc3 16. bxc3 b5 17. Nf3 Ne4 18. Ne5+ Nxe5 19. Bxe5 Ba3 20. Rc2 Nxc3 21. Rxc3 Bb2 22. Rcc1 Bxc1 23. Rxc1 Rxa2 24. Bf1 b4 25. Rb1 b3 26. h3 b2 27. Kh2 Rc8 28. Bxg7 c3 29. Bb5+ Ke7 30. Bd3 c2 31. Bxc2 Rxc2 32. Be5 Rc1 33. Rxb2 Rxb2 34. Bg3 Rbb1 35. Bh4+ f6 36. g4 g5 37. Bg3 Rh1+ 38. Kg2 Rbg1+ 39. Kf3 Rxh3 40. Ke2 Rgxg3 41. fxg3 Rxg3 42. Kf2 Rxg4 43. Kf3 Re4 44. Kf2 g4 45. Ke2 g3 46. Kf3 Kf7 0-1

[Event "GRE-ch Schools Gymnasia-B 30th"]
[Site "Peristeri"]
[Date "2018.04.01"]
[Round "2"]
[White "Kostelidou, Despoina"]
[Black "Kouta, Antonia"]
[Result "0-1"]
[WhiteElo "1336"]
[BlackElo "1709"]
[PlyCount "48"]
[EventDate "2018.04.01"]
[EventType "swiss (rapid)"]
[EventRounds "9"]
[EventCountry "GRE"]
[SourceTitle "EXT 2019"]
[Source "ChessBase"]
[SourceDate "2018.10.10"]
[SourceVersion "1"]
[SourceVersionDate "2018.10.10"]
[SourceQuality "1"]

1. d4 Nf6 2. Bf4 d5 3. e3 c5 4. c3 Nc6 5. Nd2 Bf5 6. Bd3 Bxd3 7. Ngf3 e6 8. Nb3 c4 9. Nc5 Bxc5 10. dxc5 Ne4 11. Ne5 Nxc5 12. Qh5 0-0 13. h4 Nxe5 14. Bxe5 Bg6 15. Qg4 Nd3+ 16. Kd2 Nxe5 17. Qd4 Nc6 18. Qg4 Qf6 19. f4 Qf5 20. Qxf5 Bxf5 21. h5 e5 22. Rhe1 exf4 23. exf4 Rfe8 24. g3 Bg4 0-1

[Event "GRE-ch U14 Girls"]
[Site "Achaia"]
[Date "2017.06.27"]
[Round "2"]
[White "Gkolfinopoulou, Marina"]
[Black "Kostelidou, Despoina"]
[Result "0-1"]
[WhiteElo "1130"]
[BlackElo "1246"]
[PlyCount "116"]
[EventDate "2017.06.26"]
[EventType "swiss"]
[EventRounds "7"]
[EventCountry "GRE"]
[SourceTitle "CBM 179 Extra"]
[Source "ChessBase"]
[SourceDate "2017.08.23"]
[SourceVersion "1"]
[SourceVersionDate "2017.08.23"]
[SourceQuality "1"]

1. e4 d5 2. exd5 Qxd5 3. Nc3 Qd6 4. Nf3 Nf6 5. d4 a6 6. Bc4 b5 7. Bb3 Bb7 8. Be3 e6 9. 0-0 Nbd7 10. a3 Be7 11. Re1 0-0 12. h3 Rac8 13. Rc1 Rfd8 14. a4 b4 15. Na2 a5 16. c3 c5 17. cxb4 cxb4 18. Bc2 Bd5 19. Bb3 Rxc1 20. Nxc1 Rc8 21. Bxd5 Qxd5 22. Qd3 Qc4 23. Rd1 Nd5 24. Qxc4 Rxc4 25. Rf1 Nxe3 26. fxe3 f6 27. Nd3 Nb6 28. Rd1 b3 29. Rc1 Rxc1+ 30. Nxc1 Nxa4 31. Nxb3 Bb4 32. Nfd2 Bxd2 33. Nxd2 Nxb2 34. Nb3 a4 35. Na1 Kf7 36. Kf2 Kg6 37. e4 f5 38. e5 Kg5 39. Kf3 Nd3 40. g3 Nc1 41. Nc2 Nb3 42. h4+ Kg6 43. g4 fxg4+ 44. Kxg4 h5+ 45. Kf4 a3 46. Nxa3 Nxd4 47. Nc4 Ne2+ 48. Ke3 Ng3 49. Kf4 Nf5 50. Ne3 Nxh4 51. Ke4 Nf5 52. Nf1 h4 53. Kf4 Kh5 54. Nh2 g5+ 55. Kf3 h3 56. Ng4 Kh4 57. Nh2 Nd4+ 58. Ke4 g4 0-1

[Event "GRE-ch U12 Girls"]
[Site "Porto Rio"]
[Date "2016.07.01"]
[Round "6"]
[White "Kostelidou, Despoina"]
[Black "Chatzipanagiotou, Asimenia"]
[Result "0-1"]
[WhiteElo "1143"]
[BlackElo "1137"]
[PlyCount "78"]
[EventDate "2016.06.28"]
[EventType "swiss"]
[EventRounds "9"]
[EventCountry "GRE"]
[SourceTitle "CBM 173 Extra"]
[Source "ChessBase"]
[SourceDate "2016.08.29"]
[SourceVersion "1"]
[SourceVersionDate "2016.08.29"]
[SourceQuality "1"]

1. d4 d5 2. Bf4 e6 3. e3 Bd6 4. Bg3 Ne7 5. Nd2 0-0 6. Bd3 c5 7. c3 c4 8. Bc2 Nbc6 9. Ngf3 h6 10. b3 b5 11. a4 Bxg3 12. hxg3 Qb6 13. axb5 cxb3 14. Nxb3 Qxb5 15. Bd3 Qb6 16. Nc5 Rb8 17. Rb1 Qc7 18. 0-0 Bd7 19. Na6 Rxb1 20. Bxb1 Qb6 21. Qd3 g6 22. Nc5 Rd8 23. Nh2 Na5 24. Ng4 Bb5 25. Qc2 Bxf1 26. Kxf1 Kg7 27. Qc1 Nb3 28. Nxb3 Qxb3 29. e4 g5 30. e5 Rc8 31. Nf6 Rxc3 32. Nh5+ Kf8 33. Qe1 Qc4+ 34. Bd3 Qxd3+ 35. Kg1 Qxd4 36. Qb1 Qd3 37. Qb7 Qd1+ 38. Kh2 Qxh5+ 39. Kg1 Rc1# 0-1